000 00762nam a2200241 a 4500
008
020 _a1857152050 (cased)
049 _aMAIN
090 _aPR2981
_bSHA
100 1 _aShakespeare, William.
240 1 0 _aPlays.
_kSelections.
245 1 4 _aComedies.
_nVolume I /
_cWilliam Shakespeare ; with an introduction by Tony Tanner ; general editor Sylvan Barnet.
260 _aLondon :
_bDavid Campbell,
_c1995.
300 _aclxxixi, 606 p. ;
_c22 cm.
440 _aEveryman's Library ;
_v205.
650 _aEnglish Literature
_d19th century.
700 _aBarnet, Sylvan.
907 _a.b10114300
_b06-02-13
_c17-03-04
003
005 20230123133640.0
040 _cNUST
942 _cBOOKS
_kPR2981
_mSHA
999 _c152245
_d152245